000 00354cam a2200145ua 4500
041 _aeng
_h
082 _a823.301
_bCRA/EA
100 _aCraik, .
245 _aEarly life of John Hallfax /
_cCraik.
_hTextual Documents
260 _aLondon :
_bOxford University Press ,
_c1960.
300 _a90 ; .
504 _a
942 _cBK
999 _c3889
_d3889